000 01208cam a2200337 i 4500
001 57650
003 Mx-PuUPA
005 20250401091548.0
008 140415s2015 mx gr 000 f spa d
020 _a9786070728747
040 _aMx-PuUPA
_bspa
_cMx-PuUPA
_dMx-PuUPA
_erda
041 0 _aspa
100 1 _aGarcía Márquez, Gabriel,
_d1927-2014
_96274
_eautor
245 1 3 _aEl coronel no tiene quien le escriba /
_cGabriel García Marquez
250 _aPrimera edición /
_bjunio
264 1 _aCiudad de México :
_bEditorial Planeta Mexicana : Editorial Diana,
_c©2015
300 _a79 páginas ;
_c19 cm
336 _2rdacontent
_atexto
_btxt
337 _2rdamedia
_asin medio
_bn
338 _2rdacarrier
_avolumen
_bnc
500 _a"Premio Nobel 1982".-- Cubierta
500 _aReimpresiones: (Séptima, enero de 2019).
650 7 _913986
_2armarc
_aPersonal militar retirado
_vNovela
650 7 _2armarc
_aVeteranos
_zColombia
_vNovela
651 4 _aColombia
_xCondiciones sociales
_vNovela
942 _2ddc
_cLI
_h863
_iG2182
999 _c57650
_d57650